[Event "3rd CNE NED-ch Men Rapid 2017"]
[Site "Amstelveen"]
[Date "2017.12.03"]
[Round "3"]
[White "Smeets, Jan"]
[Black "Van Wely, Loek"]
[Result "1-0"]
[WhiteElo "2608"]
[BlackElo "2657"]
[Annotator "TA"]
[PlyCount "138"]
[EventDate "2017.??.??"]
[EventType "tourn"]
[EventCountry "NED"]
[SourceTitle "playchess.com"]
[Source "ChessBase"]
[SourceQuality "1"]

{[%evp 24,138,30,27,28,14,16,0,1,0,0,0,0,0,0,0,0,-11,-3,-38,-59,-59,-10,-15,-20,-17,-5,-13,-2,-18,0,0,0,0,0,-62,0,-8,0,0,43,32,131,131,131,131,131,99,131,131,95,47,24,0,0,-36,-36,-168,-173,-143,37,0,105,18,157,-8,-8,-8,-8,-8,0,0,0,-8,-8,-8,-8,-8,-8,-8,-8,-8,-8,-8,-8,-8,-8,-8,0,0,0,-8,-8,-8,13,21,13,13,36,35,622,567,713,734,622,520,466,314,278,127,127,127,128,8,8,8,8]} 1. e4 c5 2. Nf3 d6 3. c3 Nf6 4. Bd3 Nc6 5. Bc2 Bg4 6. h3 Bxf3 7. Qxf3 g6 8. d3 Bg7 9. O-O O-O 10. Qe2 b5 11. a3 Nd7 12. Be3 a5 {B50: Sicilian: 2...d6, Miscellaneous} 13. Nd2 {[#] LiveBook: 3 Games} Nb6 $146 ({Predecessor:} 13... b4 14. Ba4 Qc7 15. Rfc1 Nb6 16. Bxc6 bxc3 17. bxc3 Qxc6 18. d4 Rfb8 19. Rab1 Na4 20. Qd3 Rxb1 21. Rxb1 cxd4 22. cxd4 Nc3 23. Rb3 Rc8 24. Nc4 Qxe4 25. Qxc3 Qe6 26. Qd3 Rxc4 27. Qxc4 {1-0 (27) Smeets,J (2613)-Ftacnik,L (2547) Germany 2013}) 14. Nf3 Rb8 15. a4 b4 16. d4 bxc3 17. bxc3 cxd4 18. cxd4 d5 19. e5 Nc4 20. Bg5 Rb4 21. Rfc1 Qb6 22. Be3 e6 23. Bd3 {[%cal Rd3c4]} Nxe3 24. fxe3 Bh6 25. g4 {[%cal Bg2g4,Bg4g5][%mdl 32]} Rb8 26. Rab1 Rxb1 27. Rxb1 Nb4 28. g5 Bf8 29. Nh2 (29. Bb5 $11) 29... Be7 (29... Qd8 $1 $15 30. h4 Nxd3 31. Qxd3 h5) 30. h4 $1 $11 Qc6 31. Bb5 $36 {[%mdl 2048] White is pushing.} Qc3 32. Ng4 Rc8 (32... h5 $1 $14 33. Nh6+ Kg7) 33. Rf1 Kg7 34. Nh6 Rf8 35. Rf3 {aiming for Qf2.} Qc1+ 36. Kh2 Qc2 37. Qxc2 Nxc2 38. Kg3 Bb4 39. Kg4 Bd2 40. Kf4 (40. Rf2 $15 Nxe3+ 41. Kf3) 40... Nxd4 $1 $19 41. Rf2 Nxb5 $2 (41... Nb3 $17 {And now ...d4 would win.} 42. Kf3 d4 43. exd4 Be1) 42. axb5 $17 {[%mdl 4096] Endgame KRB-KRN} Bb4 (42... Bc3 $1 $11 {remains equal.}) 43. b6 ({White should try} 43. Rc2 $1 $16) 43... a4 {[#]} (43... Rb8 $11 {keeps the balance.}) 44. Kg4 $2 (44. Rc2 $1 $16 Rb8 45. Rc7 Rxb6 46. Rxf7+ Kh8 47. Ng4) 44... Ba5 $11 45. b7 {White wants to mate with Rxf7+!} Bc7 46. Ra2 Rb8 47. Rf2 Rf8 48. Ra2 Bxe5 {White must now prevent ...Rb8.} 49. Rxa4 Rb8 50. Ra8 f5+ 51. Kf3 Kf8 52. Kf2 Bc7 53. Kf3 e5 54. Ke2 e4 55. Kf2 Kg7 56. Ke2 Kf8 57. Kf2 Ke7 58. Ng8+ Kd6 59. Rxb8 Bxb8 {KB-KN} 60. Nf6 Ba7 61. Ke2 Kc6 $2 {[%mdl 8192]} (61... Bb8 $14) 62. Nxh7 $18 f4 63. exf4 {Hoping for f5!} d4 64. Nf6 d3+ 65. Kd2 Bb8 {[#]} 66. Nxe4 (66. f5 $1 $18 Bf4+ 67. Kc3) 66... Bxf4+ $16 67. Kxd3 Kxb7 68. Nd2 (68. Nc5+ $16 Kc6 69. Ke4) 68... Kc6 $11 69. Nf3 Kd5 {[%mdl 32768] Precision: White = 57%, Black = 50%. . Sensor Board Error (Ke4/e5)?} 1-0

[Event "3rd CNE NED-ch Men Rapid 2017"]
[Site "Amstelveen"]
[Date "2017.12.03"]
[Round "3"]
[White "Sokolov, Ivan"]
[Black "Van Foreest, Jorden"]
[Result "0-1"]
[WhiteElo "2589"]
[BlackElo "2629"]
[Annotator "TA"]
[PlyCount "70"]
[EventDate "2017.??.??"]
[EventType "tourn"]
[EventCountry "NED"]
[SourceTitle "playchess.com"]
[Source "ChessBase"]
[SourceQuality "1"]

{[%evp 19,70,22,34,16,18,6,14,6,55,0,-14,-13,-15,-43,-15,-245,-256,-243,-246,-285,-283,-275,-283,-276,-280,-275,-257,-258,-257,-258,-260,-259,-216,-376,-61,-440,-449,-491,-506,-508,-510,-592,-595,-618,-501,-481,-484,-717,-711,-705,-703,-699,-691]} 1. d4 d5 2. c4 dxc4 3. e3 Nf6 4. Bxc4 e6 5. Nf3 c5 6. Qe2 Nc6 7. O-O a6 8. Rd1 b5 9. dxc5 Qc7 10. Bd3 Nb4 {LiveBook: 3 Games} 11. a4 {D28: Queen's Gambit Accepted: Classical main line: 7 Qe2 with early ...Nc6} (11. Bd2 Nxd3 12. Qxd3 Bxc5 13. Rc1 Qd7 14. Qb3 Bd6 15. Bb4 Bb7 16. Nbd2 O-O 17. Bxd6 Qxd6 18. a4 Rab8 19. axb5 axb5 {½-½ (47) Alekseev,V (2380)-Mainka,R (2450) Germany 2004}) 11... bxa4 12. Nc3 $146 ({Predecessor:} 12. Bc4 Bxc5 13. Rxa4 O-O 14. Bd2 a5 15. Bc3 Nfd5 16. Be5 Qe7 17. Ra1 Bb7 18. e4 Nb6 19. Bb5 Nc6 20. Bg3 Rfd8 21. Rxd8+ Rxd8 22. Nc3 Ra8 23. Rd1 Rd8 24. Ra1 Ra8 {½-½ (24) Altanoch,G-Dempster,D ICCF email 2004}) 12... Nxd3 13. Rxd3 {The position is equal.} Bd7 14. Qc2 (14. Nxa4 $14 Bxc5 15. Nxc5 Qxc5 16. Rc3) 14... Qxc5 $11 15. Rxa4 Be7 16. e4 O-O 17. Be3 $2 {[#]} (17. Ra1 $11) 17... Bxa4 $19 18. Qxa4 Qb4 19. Qc2 Rab8 ({Stronger than} 19... Nxe4 20. Rd4 $14) 20. e5 Ng4 ({Less strong is} 20... Qxb2 21. Qxb2 Rxb2 22. exf6 $17) 21. Bc1 Bc5 22. Rd2 Rfd8 {[#] White must now prevent ...Rxd2.} 23. Re2 Qb3 {aiming for ...Nxf2.} 24. Kf1 Qxc2 25. Rxc2 Bd4 26. Bf4 $2 (26. Bg5 {was called for.} f6 27. exf6 gxf6 28. Bf4) 26... Rb4 $2 (26... Bxf2 $19 {...Be3 is the strong threat.} 27. Re2 Ba7) 27. g3 $2 {[%mdl 8192]} (27. Na2 $1 $15 Rbb8 28. h3) 27... Bxf2 {Black is clearly winning.} 28. Ke2 {and the idea h3 leaves White hopeful.} Bb6 29. h3 Nf2 30. Bg5 Rc8 31. Rd2 Ne4 32. Nxe4 Rxe4+ 33. Kf1 (33. Kd3 $142 Rec4 34. Be3 Bxe3 35. Kxe3) 33... h6 34. Be7 Rc1+ 35. Kg2 Ba5 {Precision: White = 29%, Black = 53%.} 0-1

[Event "3rd CNE NED-ch Men Rapid 2017"]
[Site "Amstelveen"]
[Date "2017.12.03"]
[Round "3"]
[White "Van den Doel, Erik"]
[Black "Timman, Jan H"]
[Result "1-0"]
[WhiteElo "2589"]
[BlackElo "2562"]
[Annotator "TA"]
[PlyCount "105"]
[EventDate "2017.??.??"]
[EventType "tourn"]
[EventCountry "NED"]
[SourceTitle "playchess.com"]
[Source "ChessBase"]
[SourceQuality "1"]

{[%evp 20,105,20,-6,0,-8,14,8,0,-29,-29,-30,-39,-79,-85,-73,-84,-100,-48,-48,-48,-48,-45,-40,-44,-44,-49,-37,-37,-37,-38,-52,-42,-42,-39,-40,-38,-64,-30,-102,-102,-113,-101,-189,-181,-229,-158,-156,-104,-97,-107,-204,-81,-70,162,152,159,110,56,53,212,201,218,7,12,7,18,0,0,0,0,0,0,0,0,0,0,0,12840,12840,12839,12840,12837,3088,12847,12847,12847,12848]} 1. e4 e6 2. d4 d5 3. Nd2 c5 4. Ngf3 cxd4 5. Nxd4 Nc6 6. Bb5 Bd7 7. Nxc6 bxc6 8. Bd3 Qc7 9. Qe2 {C07: French Tarrasch: 3...c5, 4 Ngf3 and 4 exd5 Qxd5} Ne7 10. Nf3 Ng6 11. e5 {LiveBook: 11 Games. The position is equal.} Be7 12. O-O O-O 13. c4 dxc4 14. Bxc4 c5 15. Re1 Bc6 {[#]} 16. Ng5 $146 ({Predecessor:} 16. Bd3 Rad8 {½-½ (49) Jones,G (2662)-Bartel,M (2613) Heraklio 2017}) 16... h6 17. Nh3 Rad8 18. b3 Qxe5 (18... Qb7 $17 19. Ba6 Qb4) 19. Qxe5 $15 Nxe5 20. Rxe5 Rd1+ 21. Bf1 Bf6 $1 {[%cal Rf6e5]} 22. Rxc5 Be4 23. Bb2 $1 {[%cal Rb2f6]} Rxa1 24. Bxa1 Bxa1 25. Rc4 Bf5 26. g4 Bh7 27. Ra4 Rd8 28. Rxa7 Bb1 29. a4 (29. Be2 $11) 29... Rd1 $17 {[%mdl 1024] Black has strong compensation.} 30. Nf4 Be5 31. Ng2 (31. Ne2 $17) 31... Bd4 $19 32. Ra8+ Kh7 {aiming for ...Bd3.} 33. Nf4 Be4 (33... g5 $142 34. Ne2 Bd3) 34. Rf8 $17 Bf3 {...e5 is the strong threat.} 35. Nxe6 (35. Rxf7 $17 Kg8 36. Rd7) 35... Bf6 (35... Be5 $19 {White must now prevent ...Be2.} 36. g5 Bg4) 36. Nf4 ({Wrong is} 36. Rxf7 $2 Be2 $19) 36... Bxg4 $2 (36... Bg5 $1 $15 37. Nh5 (37. Rxf7 $2 Kg8 $17) 37... Bxg4) 37. Kg2 $18 {Strongly threatening Bd3+.} ({Not} 37. Rxf7 Kg8 $11) 37... Bf5 38. Rxf7 Be4+ 39. f3 Rd2+ $2 (39... Bxf3+ $1 $14 40. Kxf3 Rxf1+ 41. Ke4 Bg5) 40. Kg3 Bc2 41. Rc7 $2 (41. Bc4 $18) 41... Bxb3 $11 {With the idea ...Be5.} 42. Bd3+ Kg8 43. Bc4+ Bxc4 44. Rxc4 {[%mdl 4096] Endgame KRB-KRN} Be5 {Threatens to win with ...g5.} 45. Kg4 Rxh2 46. Ng6 Rg2+ 47. Kf5 {Rc8+ would kill now.} Rg5+ 48. Ke6 Bf6 $2 {[%mdl 8192]} (48... Rxg6+ $11 49. Kxe5 h5) 49. Rc8+ $18 {White is clearly winning.} Kh7 50. Nf8+ Kg8 51. f4 {[%cal Bf3f4,Bf4f5][%mdl 32]} Ra5 {[#]} 52. Ng6+ $1 Kh7 {[#]} 53. f5 $1 {Precision: White = 63%, Black = 52%.} 1-0

[Event "3rd CNE NED-ch Men Rapid 2017"]
[Site "Amstelveen"]
[Date "2017.12.03"]
[Round "4"]
[White "Van Wely, Loek"]
[Black "Timman, Jan H"]
[Result "1-0"]
[WhiteElo "2657"]
[BlackElo "2562"]
[Annotator "TA"]
[PlyCount "69"]
[EventDate "2017.??.??"]
[EventType "tourn"]
[EventCountry "NED"]
[SourceTitle "playchess.com"]
[Source "ChessBase"]
[SourceQuality "1"]

{[%evp 18,69,30,15,19,13,21,20,22,8,17,15,19,16,32,18,43,35,58,39,48,35,84,39,48,0,0,0,0,-14,42,-8,59,70,93,80,104,110,100,110,93,100,77,68,210,226,888,649,29981,29981,29988,29989,29989,29990]} 1. d4 Nf6 2. c4 e6 3. Nf3 Bb4+ 4. Nbd2 b6 5. a3 Bxd2+ 6. Qxd2 Bb7 7. e3 O-O 8. Be2 d5 {E14: Queen's Indian: Classical Variation (4 e3)} 9. b3 (9. b4 Nbd7 10. Bb2 c5 11. dxc5 bxc5 12. O-O Ne4 13. Qc2 cxb4 14. axb4 dxc4 15. Qxc4 Nb6 16. Qd4 Qxd4 17. Nxd4 {1-0 (50) Anton Guijarro,D (2650)-Naiditsch,A (2687) Tallinn 2016}) 9... Nbd7 10. O-O {LiveBook: 9 Games} dxc4 {The position is equal.} 11. bxc4 c5 12. Bb2 Qc7 13. Rac1 $146 ({Predecessor:} 13. Rfd1 Rad8 14. Qc3 Ne4 15. Qc2 Ndf6 16. Ne5 Nd6 17. a4 Be4 {½-½ (38) Litvinov,V (2365)-Begun,S (2385) Minsk 1985}) 13... Rad8 14. Rfd1 cxd4 15. exd4 h6 16. h3 Rfe8 17. Qe3 Qc6 18. Bd3 Nf8 19. Bb1 N8h7 20. Ne1 Ng5 21. f4 Nge4 22. Nf3 Nd6 23. Qf2 Nde4 (23... Nfe4 $11 24. Qe1 f6) 24. Qc2 Rc8 (24... Nh5 $11) 25. Ne5 $14 Qc7 26. Qe2 a6 {[#]} 27. d5 $1 {[%mdl 512]} Nd6 {[%cal Re6d5]} (27... exd5 28. cxd5) 28. Ng4 Nxg4 29. Qxg4 {[%csl Gb2][%cal Rg4g7]} ({Much weaker is} 29. hxg4 $6 exd5 30. Qd3 Ne4 $15) 29... f5 30. Qg3 $36 {[%mdl 2048] aiming for Be5. White is more active.} Qf7 (30... exd5 $1 $14 31. Be5 (31. cxd5 Qf7 $14) 31... Rcd8) 31. Be5 $18 Nxc4 $2 {[#]} (31... Ne4 32. Bxe4 fxe4) 32. Rxc4 $1 {[%mdl 512] And now dxe6 would win.} Rxc4 33. dxe6 {White mates.} Rxe6 34. Rd8+ Kh7 {[#]} 35. Bxf5+ $1 {[%mdl 512] Precision: White = 66%, Black = 19%.} 1-0

[Event "3rd CNE NED-ch Men Rapid 2017"]
[Site "Amstelveen"]
[Date "2017.12.03"]
[Round "4"]
[White "Van Foreest, Jorden"]
[Black "Giri, Anish"]
[Result "1-0"]
[WhiteElo "2629"]
[BlackElo "2752"]
[Annotator "TA"]
[PlyCount "57"]
[EventDate "2017.??.??"]
[EventType "tourn"]
[EventCountry "NED"]
[SourceTitle "playchess.com"]
[Source "ChessBase"]
[SourceQuality "1"]

{[%evp 16,57,0,0,46,48,47,45,54,41,128,130,211,202,215,211,217,198,494,418,485,427,420,416,403,383,407,408,423,416,414,422,420,406,499,485,1085,1019,1008,485,1510,1087,1063,1077]} 1. e4 e5 2. Nf3 Nc6 3. Nc3 Nf6 4. Be2 d5 5. exd5 Nxd5 6. O-O Nxc3 7. bxc3 e4 {C47: Scotch Four Knights and Four Knights with 4 g3} 8. Ne1 Bd6 9. f3 {LiveBook: 23 Games} f5 {The position is equal.} 10. fxe4 $1 fxe4 11. Rb1 $146 ({Predecessor:} 11. d4 Be6 12. Rb1 Na5 13. g3 Qd7 14. Rb5 Nc4 15. Rxb7 {0-1 (37) Greet,A (2455)-Caruana,F (2808) Baku 2016}) 11... Qe7 12. d4 $1 exd3 (12... Nd8 $14) 13. cxd3 $16 {[%cal Bc2d3,Bd3d4][%mdl 32]} Bd7 (13... Be6 $16 {is a better defense.}) 14. Rxb7 $18 O-O-O 15. Rb2 Ba3 {[#]} 16. d4 $1 {[%cal Re2a6][%mdl 512]} Rde8 $2 (16... Rdf8 {was called for.}) 17. Ba6+ Kd8 18. Re2 Qd6 19. Bg5+ {[%cal Bc1g5,Bg5h4,Bh4g3][%mdl 32]} Ne7 20. Bc4 h6 21. Bh4 g5 22. Bg3 Qc6 23. Qb3 Bd6 24. Nd3 Bxg3 25. hxg3 {White is clearly winning.} Ng6 (25... Qb6 $142 26. Ne5 Qxb3 27. axb3 Rh7 28. Nf7+ Rxf7) 26. Qb8+ Bc8 27. Bb5 (27. Rxe8+ $142 Rxe8 28. Nc5) 27... Qxc3 (27... Qb6 $142 28. Rxe8+ Rxe8 29. Qxb6 axb6 30. Bxe8 Kxe8) 28. Rxe8+ Rxe8 29. Bxe8 {Precision: White = 86%, Black = 32%.} 1-0

[Event "3rd CNE NED-ch Men Rapid 2017"]
[Site "Amstelveen"]
[Date "2017.12.03"]
[Round "4"]
[White "Smeets, Jan"]
[Black "Sokolov, Ivan"]
[Result "0-1"]
[WhiteElo "2608"]
[BlackElo "2589"]
[Annotator "TA"]
[PlyCount "124"]
[EventDate "2017.??.??"]
[EventType "tourn"]
[EventCountry "NED"]
[SourceTitle "playchess.com"]
[Source "ChessBase"]
[SourceQuality "1"]

{[%evp 31,124,8,28,12,57,38,41,44,41,19,83,-19,-18,-32,-20,-43,-39,-37,-45,-45,0,0,1,1,72,89,79,-6,-11,-105,-102,-104,-106,-108,-108,-258,-255,-255,-255,-255,-250,-253,-254,-254,-254,-259,-248,-345,-327,-375,-341,-389,-387,-374,-314,-389,-399,-452,-425,-415,-350,-483,-498,-462,-567,-584,-512,-889,-739,-768,-690,-2580,-2225,-1992,-1980,-12839,-12839,-12843,-12839,-12843,-12843,-12843,-12840,-12847,-12841,-12841,-12842,-12842,-12843,-12843,-12843,-12844,-12844,-12845,-12845]} 1. e4 e5 2. Nf3 Nc6 3. Bb5 a6 4. Ba4 Nf6 5. O-O Be7 6. Re1 b5 7. Bb3 d6 8. c3 O-O 9. d4 Bg4 10. Be3 exd4 11. cxd4 Na5 12. Bc2 Nc4 13. Bc1 c5 14. b3 Nb6 15. Nbd2 Nfd7 16. Bb2 {C91: Closed Ruy Lopez: 7...d6 8 c3 0-0 9 d4} Re8 {LiveBook: 20 Games} (16... Rc8 17. a4 bxa4 18. bxa4 cxd4 19. a5 Nc4 20. Nxc4 Rxc4 21. Bd3 Bxf3 22. gxf3 Rc5 23. Bxd4 Rxa5 24. Bxa6 {½-½ (45) Shirov,A (2691)-Glud,J (2522) Jurmala 2017}) 17. Qb1 Bh5 18. a4 {White is slightly better.} bxa4 $146 ({Predecessor:} 18... Bg6 19. Bd3 bxa4 20. bxa4 a5 21. Bc3 Qc7 22. Qb2 Nd5 23. Bb5 Nxc3 24. Qxc3 {1-0 (63) Parkanyi,A (2334)-Kislik,E (2310) Budapest 2009}) 19. bxa4 Rb8 20. Qa2 Bg6 (20... cxd4 $11 21. Bxd4 (21. Nxd4 Ne5 $16) 21... Ne5) 21. Bd3 (21. a5 $16 Na8 22. Ba4) 21... Nxa4 $1 $11 22. Qxa4 {And now Qa2 would win.} Rxb2 23. Bxa6 cxd4 24. Qxd4 Bf6 25. Qd5 Nc5 26. e5 Bxe5 27. Nc4 {[%cal Rf3e5]} Nxa6 (27... Nd3 $11 {keeps the balance.} 28. Nfxe5 Nxe1 29. Nxg6 Rxf2 30. Kxf2 (30. Rxe1 Rxe1+ 31. Kxf2 Ra1 $11) 30... hxg6 31. Rxe1 Qh4+ 32. g3 Qxh2+ 33. Kf1 Qh3+ 34. Kf2 Qh2+ 35. Kf1 Qh3+ 36. Kf2 Qh2+) 28. Nxb2 $16 Nb4 {[#]} 29. Qb5 (29. Qa5 $1 $16 {[%cal Ra5b4]} Qxa5 30. Rxa5) 29... Nc2 $36 {[%mdl 2048] Black has some pressure.} 30. Rac1 (30. Nxe5 $11 Nxe1 31. Nxg6 hxg6 32. h3) 30... Nxe1 $17 31. Rxe1 {[%cal Rf3e5]} f6 32. Nc4 Qb8 33. Qd5+ (33. Qa4 $17) 33... Bf7 $19 34. Qd3 {[#]} Bxh2+ $1 {[%mdl 512]} 35. Kxh2 (35. Nxh2 Rxe1+) 35... Rxe1 36. Nxe1 d5+ 37. Nd6 Qxd6+ 38. Kg1 Bg6 39. Qb3 Be4 40. Qe3 Qe5 41. f3 Bg6 42. Qd2 d4 {[%cal Bd5d4,Bd4d3][%mdl 32]} 43. Kf2 h5 44. g3 Kh8 45. Ng2 d3 46. Nf4 Qd4+ {Black is clearly winning.} 47. Qe3 Qxe3+ 48. Kxe3 {[%mdl 4096] Endgame KB-KN} Kh7 49. Ng2 (49. Nd5 $142 Bf7 50. Nf4) 49... Kh6 50. Nh4 Bh7 51. f4 g5 52. Nf3 Bf5 53. fxg5+ fxg5 54. Ne5 g4 55. Nc4 Kg5 56. Nd2 h4 {[%cal Bh5h4,Bh4h3][%mdl 32]} 57. Nf1 h3 58. Nh2 Kf6 59. Nf1 Ke5 60. Nh2 Kd5 61. Nf1 Kc4 62. Kd2 Kd4 {Precision: White = 32%, Black = 72%.} 0-1

[Event "3rd CNE NED-ch Men Rapid 2017"]
[Site "Amstelveen"]
[Date "2017.12.03"]
[Round "4"]
[White "Bok, Benjamin"]
[Black "Van den Doel, Erik"]
[Result "1/2-1/2"]
[WhiteElo "2601"]
[BlackElo "2589"]
[Annotator "TA"]
[PlyCount "120"]
[EventDate "2017.??.??"]
[EventType "tourn"]
[EventCountry "NED"]
[SourceTitle "playchess.com"]
[Source "ChessBase"]
[SourceQuality "1"]

{[%evp 17,120,29,44,14,16,29,34,-4,0,-47,0,20,30,36,32,26,32,26,32,48,37,31,45,48,63,0,0,0,0,0,0,0,0,0,0,-12,-12,-12,0,-8,0,-12,0,-12,-12,-12,-12,-12,-12,-12,0,0,0,0,0,0,0,0,0,0,0,0,0,0,0,0,0,-18,-20,-11,0,0,0,0,0,0,0,0,0,0,0,0,0,0,0,0,0,0,0,0,0,0,0,0,0,0,0,0,0,0,0,0,0,0,0]} 1. d4 Nf6 2. Nf3 e6 3. c4 Bb4+ 4. Nbd2 O-O 5. a3 Be7 6. e4 d6 {E11: Bogo-Indian} 7. Be2 e5 (7... c5 8. d5 e5 9. Qc2 Nbd7 10. Nf1 a6 11. Bd2 Nh5 12. g3 g6 13. Ne3 Ng7 14. Bd3 {½-½ (35) Ding,L (2774)-Carlsen,M (2837) Saint Louis 2017}) 8. dxe5 dxe5 9. Nxe5 Re8 {LiveBook: 3 Games} 10. Nef3 Nc6 11. O-O a5 12. b3 Bc5 13. Qc2 $146 ({Predecessor:} 13. Bb2 Nxe4 14. Nxe4 Qxd1 15. Raxd1 Rxe4 {½-½ (30) Van Wely,L (2646)-Bachmann,A (2648) Linares 2017}) 13... Bg4 (13... Bf5 $15) 14. Bb2 $11 Bxf3 15. Nxf3 Nxe4 16. Bd3 f5 17. Rae1 {[%cal Rd3e4]} Qe7 18. Nd2 {[%cal Rd2e4]} Bxa3 {[#] Threatens to win with ...Nb4.} 19. Bxe4 fxe4 20. Rxe4 Qd6 21. Ba1 (21. Rfe1 $14 Red8 22. Bxa3 Qxa3 23. c5) 21... Bc5 {The position is equal.} 22. Rfe1 Rxe4 23. Nxe4 Qg6 $1 24. Qe2 Bd4 25. Bxd4 Nxd4 26. Qd3 Rd8 27. h3 Qf5 28. Kh1 c5 29. f3 Qe5 30. Qc3 b6 31. Nf2 Qg3 32. Ne4 Qh4 33. Rd1 Ne2 34. Rxd8+ Qxd8 35. Qc2 Nf4 36. Qc1 Ne2 37. Qc2 Nd4 38. Qd1 Qh4 39. Kg1 h6 40. Kf1 Kh8 41. Nc3 Qg5 42. Nd5 b5 43. Qe1 bxc4 44. bxc4 a4 45. Qe8+ Kh7 {...a3 is the strong threat.} 46. Qxa4 Qc1+ 47. Kf2 Qd2+ 48. Kf1 Qe2+ 49. Kg1 Qe1+ 50. Kh2 Ne2 {[%csl Ge2][%cal Re1g1] [#]} 51. Nf6+ $1 {[%mdl 512]} Kg6 {[%csl Ge2][%cal Re1g1]} (51... gxf6 $5 52. Qd7+ $8 Kg6 53. Qe8+ Kg5 54. Qe3+ Kh5 55. g4+ Kg6 56. Qe8+ Kg5 57. Qe3+ Kg6 58. Qe8+ Kg7 59. Qe7+ Kg8 60. Qe6+ Kh8 61. Qxf6+ Kh7 62. Qf7+ Kh8 63. Qf6+ Kg8 64. Qg6+ Kh8 65. Qxh6+ Kg8 66. Qg6+ Kh8 67. Qf6+ Kh7 68. Qe7+ Kg8 69. Qe6+ Kg7 70. Qe7+ Kg8 71. Qe8+ Kg7 72. Qe7+ Kg6 73. Qe8+ Kg7 74. Qe7+ $11) 52. Qe8+ Kxf6 {[%csl Ge2][%cal Re1g1]} 53. Qf8+ Ke6 {[%csl Ge2][%cal Re1g1]} 54. Qe8+ Kd6 {[%csl Ge2][%cal Re1g1]} 55. Qd8+ $1 Ke5 {[%csl Ge2][%cal Re1g1]} 56. Qd5+ Kf6 {[%csl Ge2][%cal Re1g1]} 57. Qd6+ $1 Kf7 {[%csl Ge2][%cal Re1g1]} 58. Qd7+ Kg8 {[%csl Ge2][%cal Re1g1]} 59. Qe8+ Kh7 {[%csl Ge2][%cal Re1g1]} 60. Qe4+ Kg8 {Precision: White = 73%, Black = 65%.} 1/2-1/2

[Event "3rd CNE NED-ch Men Rapid 2017"]
[Site "Amstelveen"]
[Date "2017.12.03"]
[Round "5"]
[White "Giri, Anish"]
[Black "Smeets, Jan"]
[Result "1-0"]
[WhiteElo "2752"]
[BlackElo "2608"]
[Annotator "TA"]
[PlyCount "89"]
[EventDate "2017.??.??"]
[EventType "tourn"]
[EventCountry "NED"]
[SourceTitle "playchess.com"]
[Source "ChessBase"]
[SourceQuality "1"]

{[%evp 21,89,0,21,21,21,23,76,87,127,0,7,12,7,0,0,-5,0,0,0,-6,-8,0,-7,-7,14,14,17,0,50,-6,50,-8,54,22,82,0,0,0,0,0,42,22,131,125,130,128,204,197,217,217,217,217,283,260,257,255,242,216,303,299,280,285,363,260,258,258,414,408,417,407]} 1. e4 e5 2. Nf3 Nc6 3. Bb5 {[%cal Bf1b5,Bb5a4,Ba4b3][%mdl 32]} a6 4. Ba4 Nf6 5. O-O Nxe4 6. d4 b5 7. Bb3 d5 8. dxe5 Be6 9. Qe2 Nc5 10. Rd1 Nxb3 11. axb3 Qc8 12. c4 {C81: Open Ruy Lopez: Keres Variation (9 Qe2)} dxc4 13. bxc4 Bxc4 (13... bxc4 $11 14. Qe4 Nb4) 14. Qe4 $16 {White is better.} Qe6 $146 {[#]} ({Predecessor:} 14... Nb4 15. Bg5 h6 16. Rd8+ Qxd8 17. Bxd8 Rxd8 18. Nbd2 Bd5 19. Qg4 Be6 {1-0 (41) Petrosian,T-Lilienthal,A Moscow 1957}) 15. Nd4 (15. Rd6 $1 $16 {[%mdl 512]} Bxd6 (15... cxd6 16. Qxc6+) 16. Qxc6+ Ke7 17. exd6+ cxd6 18. Bg5+ f6 19. Nc3) 15... Qd5 $11 16. Qxd5 Bxd5 {[#]} 17. Nxb5 $1 {[%mdl 512]} O-O-O (17... axb5 18. Rxa8+) 18. Rxa6 Kb7 {And now ...Bc4 would win.} 19. Ra1 $1 {N1c3 is the strong threat.} Be7 20. Bf4 g5 21. Be3 Bc4 {[%cal Rd8d1]} 22. N1a3 $132 {[%mdl 2048] White has counterplay} Bb3 23. Rdc1 Rd7 24. Rc3 Bd5 25. Rac1 (25. Nc2 $14) 25... Rc8 ({Better is} 25... Bb4 $11) 26. Bc5 (26. Nc4 $14) 26... Bd8 (26... Bxc5 $11 27. Rxc5 Nxe5) 27. Re1 Be6 (27... g4 $11) 28. Nc4 ({White should play} 28. Nc2 $16) 28... Bxc4 29. Rxc4 {Strongly threatening h3.} Nxe5 $1 30. Rd4 Bf6 31. Rxe5 Rxd4 (31... Rcd8 $1 $11 32. Rf5 (32. Rxd7 Rxd7 33. Re1 Kc6 $11) 32... Bxd4 33. Nxd4 Rxd4 34. Bxd4 Rxd4) 32. Bxd4 $16 {Threatens to win with Rd5.} Bxe5 33. Bxe5 Re8 (33... Ra8 $16 {was worth a try.} 34. f4 Ra4) 34. Bc3 $18 Kc6 35. Nd4+ Kd5 36. f3 c5 37. Nf5 Re2 38. Kf1 Re6 39. Kf2 h5 (39... Kc4 $142 40. g4 Kd3) 40. h4 gxh4 41. Nxh4 Rb6 42. Kg3 Ke6 43. Kf4 f6 $2 (43... Rd6 {keeps fighting.} 44. Nf5 Rd5) 44. Nf5 Kf7 45. Ng3 {Precision: White = 52%, Black = 36%.} 1-0